[Event "Cto. Autonómico por Equipos 2007"]
[Site "Aragón"]
[Date "2007.02.10"]
[Round "3.62"]
[White "Lara Pueyo Felix"]
[Black "Brosa Soto Jesus"]
[Result "0-1"]
[WhiteElo "2127"]
[BlackElo "1875"]

1.e4 d6 2.d4 g6 3.Nf3 Bg7 4.Nc3 Bg4 5.Be2 c6 6.h3 Bxf3 7.Bxf3 Nd7 8.Bf4 Qb6 9.
O-O Qxd4 10.Qe2 Ne5 11.Rad1 Nxf3+ 12.gxf3 Qb4 13.Qd3 O-O-O 14.a3 Qa5 15.b4 Qc7
16.b5 Bxc3 17.Qxc3 e5 18.Rxd6 Rxd6 19.Qxe5 Rd7 20.Qxh8 Qxf4 21.Qxg8+ Rd8 22.
Qg7 Qxf3 23.bxc6 bxc6 24.Qe5 Qxh3 25.Qf4 f5 26.f3 g5 27.Qxg5 fxe4 28.fxe4 Qxa3
29.Qg4+ Kc7 30.Qg7+ Rd7 31.Qe5+ Qd6 32.Qa5+ Kb7 33.Rf3 Qd1+ 34.Rf1 Rg7+ 0-1

[Event "Cto. Autonómico por Equipos 2007"]
[Site "Aragón"]
[Date "2007.02.10"]
[Round "3.63"]
[White "Glaria Tevar Salvador"]
[Black "Lancis JJ"]
[Result "1/2-1/2"]
[WhiteElo "1936"]
[BlackElo "1818"]

1.d4 d5 2.c4 e6 3.Nc3 Nf6 4.cxd5 exd5 5.Bg5 c6 6.Qc2 Be7 7.e3 h6 8.Bh4 Nbd7 9.
Bd3 O-O 10.Nge2 Re8 11.Bg3 Nh5 12.O-O Nxg3 13.Nxg3 Nf6 14.a3 Bd7 15.b4 a5 16.
b5 cxb5 17.Nxb5 Rc8 18.Qb3 Qb6 19.Rab1 Be6 20.Qb2 Rc6 21.Qd2 Qd8 22.Rfc1 Rxc1+
23.Rxc1 Qb6 24.Rc2 Rc8 25.Rxc8+ Bxc8 26.Qc2 Bd7 27.a4 Qc6 28.Qb2 Bb4 29.f3 Ne8
30.Nf5 Bxf5 31.Bxf5 Nc7 32.Nxc7 Qxc7 33.Qc2 1/2-1/2

[Event "Cto. Autonómico por Equipos 2007"]
[Site "Aragón"]
[Date "2007.02.10"]
[Round "3.64"]
[White "Aspas Aspas Mariano"]
[Black "Serrano San Nicolas Angel"]
[Result "1/2-1/2"]
[WhiteElo "1805"]
[BlackElo "1676"]

1.e4 d5 2.exd5 Qxd5 3.Nc3 Qa5 4.d4 e5 5.dxe5 Bb4 6.Bd2 Qxe5+ 7.Qe2 Qxe2+ 8.
Bxe2 Nf6 9.O-O-O O-O 10.f3 c6 11.h4 Re8 12.h5 b5 13.h6 g6 14.Bd3 a5 15.Nh3 Na6
16.Ng5 Nc5 17.Be4 Ra6 18.a3 Bxc3 19.Bxc3 Ncxe4 20.Nxe4 Nxe4 21.fxe4 c5 22.Rhf1
b4 23.Bf6 Bb7 24.e5 Bxg2 25.Rf2 Bh3 26.Rfd2 c4 27.Rd8 Ra8 28.Rxa8 Rxa8 29.Rd8+
Rxd8 30.Bxd8 bxa3 31.bxa3 a4 32.Kb2 Bg2 33.Be7 f5 34.exf6 Kf7 35.Kc3 Be4 36.
Kxc4 Bxc2 37.Kd4 1/2-1/2

[Event "Cto. Autonómico por Equipos 2007"]
[Site "Aragón"]
[Date "2007.02.10"]
[Round "3.5"]
[White "Lopez Gracia Fernando"]
[Black "Ramiro Ovejero Juan Luis"]
[Result "0-1"]
[WhiteElo "2328"]
[BlackElo "2299"]

1.e4 d5 2.exd5 Qxd5 3.Nc3 Qa5 4.d4 Nf6 5.Nf3 Ne4 6.Bd3 Nxc3 7.bxc3 g6 8.O-O
Bg7 9.Re1 O-O 10.Bd2 c5 11.Rxe7 Nc6 12.Re1 Bg4 13.d5 Ne5 14.Be2 Bxf3 15.Bxf3
Nc4 16.Bf4 Bxc3 17.Re4 Bxa1 18.Qxa1 Rfe8 19.h3 Rxe4 20.Bxe4 Qb6 21.Bf3 Re8 22.
Qc3 Qb4 23.Qf6 Qe1+ 24.Kh2 Ne5 25.Be3 Qc3 26.Kh1 Qa1+ 0-1

[Event "Cto. Autonómico por Equipos 2007"]
[Site "Aragón"]
[Date "2007.02.10"]
[Round "3.6"]
[White "Guzman Moneo Alberto"]
[Black "Gomez Anadon Daniel"]
[Result "0-1"]
[WhiteElo "2237"]
[BlackElo "2280"]

1.e4 c5 2.Nc3 d6 3.f4 g6 4.Nf3 Bg7 5.Bc4 Nc6 6.O-O Nf6 7.f5 e6 8.fxg6 hxg6 9.
d3 Ng4 10.h3 Nge5 11.Bf4 Bd7 12.Qd2 Nxf3+ 13.Rxf3 Nd4 14.Rf2 b5 15.Bxd6 bxc4
16.Qf4 f5 17.exf5 Nxf5 18.Qg4 Kf7 19.Qxc4 Bd4 20.Bxc5 Bxf2+ 21.Bxf2 Rc8 22.Qg4
Bc6 23.Rf1 Kg7 24.Ne2 e5 25.d4 e4 26.c4 Nh6 27.Qg3 Rf8 28.Nf4 Qe8 29.d5 Bd7
30.b3 e3 31.Be1 Nf5 32.Qg5 Kh7 33.g4 Nh6 34.Rf3 Qe4 35.Kh2 Rce8 36.Bc3 e2 0-1

[Event "Cto. Autonómico por Equipos 2007"]
[Site "Aragón"]
[Date "2007.02.10"]
[Round "3.7"]
[White "Campos Hernandez Antonio"]
[Black "Cerrajeria Ruiz Jesus Maria"]
[Result "1-0"]
[WhiteElo "2263"]
[BlackElo "2207"]

1.Nf3 g6 2.c4 Bg7 3.Nc3 Nf6 4.e4 c5 5.d4 cxd4 6.Nxd4 Nc6 7.Be3 O-O 8.Be2 b6 9.
Qd2 Bb7 10.O-O Rc8 11.f3 Nh5 12.Rad1 f5 13.Nxc6 Bxc6 14.f4 fxe4 15.Bxh5 gxh5
16.Bd4 Bh6 17.Qe1 Rxf4 18.Rxf4 Bxf4 19.Nd5 Bxd5 20.cxd5 e5 21.dxe6 d5 22.Qf2
Qg5 23.g3 Be5 24.Qf7+ Kh8 25.Bxe5+ Qxe5 26.e7 e3 27.Qf8+ 1-0

[Event "Cto. Autonómico por Equipos 2007"]
[Site "Aragón"]
[Date "2007.02.10"]
[Round "3.8"]
[White "Lana Rodriguez David"]
[Black "Moreno Gracia Daniel"]
[Result "0-1"]
[WhiteElo "2123"]
[BlackElo "2122"]

1.e4 c5 2.Nf3 d6 3.d4 Nf6 4.Nc3 cxd4 5.Nxd4 a6 6.Bg5 e6 7.Qf3 Nbd7 8.O-O-O Qc7
9.Qe3 Be7 10.Be2 b5 11.f4 Bb7 12.Bf3 b4 13.Nce2 Rc8 14.Rd2 Nb6 15.b3 Qc5 16.
Kb1 g6 17.Bxf6 Bxf6 18.e5 Bxf3 19.exf6 Bxg2 20.Re1 Nd5 21.Qd3 Nc3+ 22.Ka1 Ne4
23.Rdd1 Nf2 24.Qxa6 Nxd1 25.Rxd1 O-O 26.Qd3 e5 27.Nf5 Ra8 28.Nh6+ Kh8 29.Qxd6
Rxa2+ 0-1

[Event "Cto. Autonómico por Equipos 2007"]
[Site "Aragón"]
[Date "2007.02.10"]
[Round "3.13"]
[White "Salamero Pelay Fernando"]
[Black "Llorente Zaro Alfonso"]
[Result "0-1"]
[WhiteElo "2178"]
[BlackElo "2353"]

1.d4 d6 2.Nf3 Nf6 3.Bg5 Ne4 4.Bf4 c5 5.e3 Qb6 6.Qc1 cxd4 7.exd4 Bg4 8.Be2 Nc6
9.O-O Bxf3 10.Bxf3 Nxd4 11.Bg4 Nf6 12.Bd1 e6 13.Be3 Nd5 14.Bxd4 Qxd4 15.c4 Nb6
16.Na3 Rc8 17.Bf3 d5 18.Rd1 Qf6 19.b3 Be7 20.Nb5 a6 21.Nc3 O-O 22.Qd2 Rfd8 23.
Ne2 dxc4 24.Qa5 Nd5 25.bxc4 Rxc4 26.Rab1 Rc5 27.Qa4 Rc7 28.h3 g6 29.Ng3 Nc3
30.Qa5 Rxd1+ 31.Rxd1 Rc5 32.Rd8+ Kg7 33.Qb4 Rb5 0-1

[Event "Cto. Autonómico por Equipos 2007"]
[Site "Aragón"]
[Date "2007.02.10"]
[Round "3.14"]
[White "Ramon Perez Jose Luis"]
[Black "Gella Lopez Angel"]
[Result "1-0"]
[WhiteElo "2336"]
[BlackElo "2106"]

1.e4 c5 2.Nc3 e6 3.f4 d5 4.Nf3 dxe4 5.Nxe4 Nf6 6.Bb5+ Bd7 7.Bxd7+ Nbxd7 8.d3
Be7 9.O-O O-O 10.Qe2 Qc7 11.c4 Rad8 12.Bd2 b6 13.Rae1 Nb8 14.Ne5 Nc6 15.Nxc6
Qxc6 16.Bc3 Nxe4 17.dxe4 Rd7 18.Qg4 f6 19.Rf3 Rf7 20.Rh3 f5 21.Qh5 h6 22.Qg6
fxe4 23.Rxh6 Bf6 24.Bxf6 Rxf6 25.Qh7+ Kf7 26.Rxf6+ Kxf6 27.Qh4+ Kf7 28.Qh5+
Kf8 29.Qg6 Qd6 30.h3 Qd4+ 31.Kh2 e3 32.Qg3 Qxc4 33.Rxe3 Rf7 34.f5 Rxf5 35.Qb8+
Kf7 36.Rg3 Qf4 37.Qxa7+ Ke8 38.Qxb6 Kf7 39.Qb7+ Ke8 40.Qxg7 c4 41.a4 Rd5 42.
Qg4 Qd6 43.Qxc4 Rc5 44.Qd3 Qf4 45.Qe3 1-0

[Event "Cto. Autonómico por Equipos 2007"]
[Site "Aragón"]
[Date "2007.02.10"]
[Round "3.15"]
[White "Laplaza Ara Carlos"]
[Black "Remiro Juste Fernando Jose"]
[Result "0-1"]
[WhiteElo "2043"]
[BlackElo "2331"]

1.d4 g6 2.c4 Bg7 3.Nc3 d6 4.Nf3 Nd7 5.e4 e5 6.Be2 Ne7 7.O-O O-O 8.Be3 h6 9.Qc2
f5 10.dxe5 dxe5 11.Rad1 f4 12.Bc5 Qe8 13.Bxe7 Qxe7 14.Nd5 Qd8 15.c5 c6 16.Nc3
g5 17.h3 Qe7 18.b4 h5 19.Nh2 Nf6 20.f3 Be6 21.Rd2 Rf7 22.Rfd1 Bf8 23.Na4 g4
24.fxg4 hxg4 25.Nxg4 Nxg4 26.Bxg4 Bxg4 27.hxg4 f3 28.Rf2 Qg5 29.Qb3 Kg7 30.
Rxf3 Rxf3 31.gxf3 Be7 32.Qe6 Qe3+ 33.Kg2 Qe2+ 34.Kg3 Bh4+ 35.Kxh4 Rh8+ 36.Kg5
Qe3+ 0-1

[Event "Cto. Autonómico por Equipos 2007"]
[Site "Aragón"]
[Date "2007.02.10"]
[Round "3.16"]
[White "Mimbela Lopez Miguel Angel"]
[Black "Gella Bitrian Diego"]
[Result "1-0"]
[WhiteElo "2232"]
[BlackElo "1812"]

1.d4 Nf6 2.c4 g6 3.Nc3 Bg7 4.e4 d6 5.Be2 O-O 6.Bg5 h6 7.Be3 e5 8.d5 a5 9.Qd2
Kh7 10.f3 Na6 11.g4 Ng8 12.h4 f5 13.h5 f4 14.hxg6+ Kxg6 15.Bf2 Nf6 16.Bh4 Rh8
17.Bxf6 Bxf6 18.O-O-O Bd7 19.Bd3 Qe7 20.Nh3 h5 21.Nxf4+ Kf7 22.Ne6 hxg4 23.
fxg4 Bxe6 24.dxe6+ Kxe6 25.Qg2 Nc5 26.Bc2 Kd7 27.Kb1 Qg7 28.Rhf1 Raf8 29.Nd5
Bg5 30.Rf5 Ne6 31.Rdf1 Nd4 32.Nc3 Nxf5 33.exf5 b6 34.Ba4+ Ke7 35.Qc6 Kd8 36.
Nd5 Qd7 37.Qxd7# 1-0

[Event "Cto. Autonómico por Equipos 2007"]
[Site "Aragón"]
[Date "2007.02.17"]
[Round "4.5"]
[White "Llorente Zaro Alfonso"]
[Black "Garza Marco Sergio"]
[Result "1/2-1/2"]
[WhiteElo "2353"]
[BlackElo "2380"]

1.d4 d5 2.Nf3 e6 3.e3 c5 4.b3 g6 5.Nbd2 Bg7 6.Bb2 Nc6 7.c4 Nge7 8.cxd5 exd5 9.
Bb5 O-O 10.Bxc6 Nxc6 11.O-O b6 12.Ba3 a5 13.Rc1 Nb4 14.Bxb4 cxb4 15.Re1 Ba6
16.Nf1 Qd6 17.Qd2 Rac8 18.Red1 Qb8 19.Ne1 Bxf1 20.Kxf1 Qxh2 21.Rxc8 Rxc8 22.
Rc1 Qh1+ 23.Ke2 Qh5+ 24.Nf3 Re8 25.Qd3 Qg4 26.Qb5 Rxe3+ 27.Kxe3 Bh6+ 28.Ke2
Bxc1 29.Qe8+ Kg7 30.Qe5+ Kg8 31.Qe8+ Kg7 32.Qe5+ Kh6 33.Qh2+ Kg7 1/2-1/2

[Event "Cto. Autonómico por Equipos 2007"]
[Site "Aragón"]
[Date "2007.02.17"]
[Round "4.6"]
[White "Fontana Sotomayour Luis Javier"]
[Black "Ramon Perez Jose Luis"]
[Result "1/2-1/2"]
[WhiteElo "2320"]
[BlackElo "2336"]

1.b3 c5 2.Bb2 e6 3.e3 Nf6 4.f4 b6 5.Nf3 Bb7 6.Be2 Be7 7.O-O Nc6 8.a4 O-O 9.Na3
Nd5 10.Nc4 d6 11.g4 Na5 12.g5 Nxc4 13.Bxc4 a6 14.Qe2 Nb4 15.c3 Nc6 16.Bd3 d5
17.Bc2 e5 18.fxe5 d4 19.h4 Qd7 20.Rf2 Rad8 21.cxd4 cxd4 22.exd4 Nb4 23.Bd1 Nd5
24.Nh2 f6 25.gxf6 gxf6 26.Qg4+ Kh8 27.Qxd7 Rxd7 28.Bg4 Rg8 29.Kf1 Rdd8 30.Ke2
f5 31.Bh3 Bxh4 32.Raf1 Bxf2 33.Rxf2 Rdf8 34.Ba3 Rf7 35.Bd6 Rg6 36.Bxf5 Rg5 37.
Bg4 Kg7 38.e6 Rxf2+ 39.Kxf2 Kf6 40.Bg3 Rxg4 41.Nxg4+ Kxe6 1/2-1/2

[Event "Cto. Autonómico por Equipos 2007"]
[Site "Aragón"]
[Date "2007.02.17"]
[Round "4.7"]
[White "Remiro Juste Fernando Jose"]
[Black "Delgado Crespo Mairelys"]
[Result "1-0"]
[WhiteElo "2331"]
[BlackElo "2298"]

1.d4 d5 2.Nf3 Nf6 3.e3 Bg4 4.c4 c6 5.Qb3 Qb6 6.c5 Qc7 7.Ne5 Bf5 8.Be2 Nbd7 9.
Nxd7 Nxd7 10.f4 e6 11.Nc3 Nf6 12.O-O Be7 13.Qd1 Ne4 14.Bf3 Bg6 15.Nxe4 dxe4
16.Be2 f5 17.b4 O-O 18.Bc4 Bf7 19.Qb3 Qd7 20.b5 Rfb8 21.a4 a6 22.Rb1 axb5 23.
axb5 Qc8 24.g4 g6 25.Rf2 b6 26.gxf5 gxf5 27.Rg2+ Kf8 28.Qc3 Bg6 29.bxc6 bxc5
30.Rxb8 Rxb8 31.d5 Ke8 32.Bb2 exd5 33.Bxd5 Qd8 34.Qh8+ Bf8 35.Qe5+ Be7 36.c7
1-0

[Event "Cto. Autonómico por Equipos 2007"]
[Site "Aragón"]
[Date "2007.02.17"]
[Round "4.8"]
[White "Buil Rello Jose Antonio"]
[Black "Gomez Luesia Jesus"]
[Result "0-1"]
[WhiteElo "1989"]
[BlackElo "2181"]

1.e4 c5 2.c4 Nc6 3.Nf3 e5 4.Nc3 g6 5.d3 Bg7 6.Be2 Nge7 7.Bd2 d6 8.Qc1 O-O 9.h4
h5 10.a3 Rb8 11.Bh6 a6 12.Bxg7 Kxg7 13.Ng5 f6 14.Nf3 b5 15.Nd2 Nd4 16.Bd1 Be6
17.Nd5 Qd7 18.b3 f5 19.Qc3 fxe4 20.dxe4 Bxd5 21.cxd5 Rf4 22.f3 Ng8 23.g3 Rf7
24.Kf2 Rbf8 25.Kg2 Qd8 26.Qe3 Nf6 27.Rf1 Nh7 28.Rh1 Qf6 29.a4 Rb7 30.axb5 axb5
31.Ra2 Rc8 32.Be2 Kh8 33.Bd3 Rg8 34.Qh6 Rf7 35.Rf1 Qe7 36.Ra6 Rf6 37.Rfa1 Qf8
38.Qxf8 Rgxf8 39.Rf1 Kg7 40.Rb6 b4 41.Ra6 R8f7 42.Rf2 g5 43.Rf1 gxh4 44.gxh4
Nf8 45.Rf2 Ng6 46.Kg3 Nf4 47.Bf1 Rg6+ 48.Kh2 Kh7 49.Bh3 Rfg7 50.Nf1 Nd3 51.
Raa2 Nxf2 52.Rxf2 Rf6 53.Bg2 Nxb3 54.Ne3 Ra7 55.Nc4 Nd4 56.f4 Rxf4 0-1

[Event "Cto. Autonómico por Equipos 2007"]
[Site "Aragón"]
[Date "2007.02.17"]
[Round "4.37"]
[White "Colas Longares Rafael P"]
[Black "Sanchez Herrera Miguel"]
[Result "1-0"]
[WhiteElo "2346"]
[BlackElo "2210"]

1.e4 c5 2.Nf3 Nc6 3.Bb5 Qb6 4.Nc3 e6 5.Bxc6 bxc6 6.e5 Nh6 7.O-O Nf5 8.b3 Be7
9.Ba3 Ba6 10.Na4 Qa5 11.c4 f6 12.d4 cxd4 13.Bxe7 Kxe7 14.g4 Nh6 15.Qxd4 Nf7
16.Rfe1 h5 17.Rad1 Qc7 18.Nc5 Bc8 19.g5 fxg5 20.Nxg5 Nh6 21.Ngxe6 dxe6 22.Qd6+
Qxd6 23.exd6+ Kf7 24.d7 Rd8 25.dxc8=Q Raxc8 26.Rxd8 Rxd8 27.Rxe6 Rd1+ 28.Kg2
Rd2 29.Rxc6 Ng4 30.Ne4 Rxa2 31.h3 Ne5 32.Ng5+ Kf8 33.Rc7 g6 34.c5 a5 35.Ra7
Ra3 36.f4 Nc6 37.Ra6 Ne7 38.c6 Rxb3 39.c7 Rc3 40.Rxa5 Ke8 41.Ra7 Nd5 42.Ra8+
Kd7 43.Rd8+ 1-0

[Event "Cto. Autonómico por Equipos 2007"]
[Site "Aragón"]
[Date "2007.02.17"]
[Round "4.38"]
[White "Sicilia Manuel"]
[Black "Trigo Conde Isaac"]
[Result "0-1"]
[WhiteElo "2250"]
[BlackElo "2144"]

1.d4 Nf6 2.Nf3 g6 3.e3 Bg7 4.c4 O-O 5.Nc3 d6 6.Be2 Nbd7 7.O-O e5 8.Qc2 c6 9.b3
Re8 10.Bb2 e4 11.Nd2 Qe7 12.Rae1 Nf8 13.f3 exf3 14.Bxf3 Bg4 15.Qd1 h5 16.Qe2
Ne6 17.Nde4 Nxe4 18.Nxe4 f5 19.Nf2 Qh4 20.Qd1 Ng5 21.Ba3 Bxf3 22.gxf3 f4 23.
Bc1 fxe3 24.Bxe3 Rxe3 25.Rxe3 Bxd4 26.Qe2 Rf8 27.Nd1 Qf4 28.Kg2 Bxe3 29.Qxe3
Qxe3 30.Nxe3 Re8 31.Kf2 Kf7 32.Rd1 Re6 33.f4 Nh3+ 34.Kf3 Rf6 35.Ng2 Nxf4 0-1

[Event "Cto. Autonómico por Equipos 2007"]
[Site "Aragón"]
[Date "2007.02.17"]
[Round "4.39"]
[White "Garcia Vicente Nieves"]
[Black "Carruez Berges Santiago"]
[Result "1-0"]
[WhiteElo "2207"]
[BlackElo "2119"]

1.d4 Nf6 2.c4 g6 3.Nc3 Bg7 4.e4 O-O 5.Be2 d6 6.Bg5 h6 7.Be3 e5 8.d5 Na6 9.Qd2
Nc5 10.Bf3 Ng4 11.Bxg4 Bxg4 12.f3 Bd7 13.O-O-O h5 14.h4 a6 15.Nh3 b5 16.Nf2
bxc4 17.g4 hxg4 18.fxg4 f6 19.Rdg1 Rf7 20.h5 g5 21.Bxc5 dxc5 22.Nfd1 Rb8 23.
Ne3 Qc8 24.Qe2 Rb4 25.a3 Rb8 26.Rh2 Bf8 27.Rf2 c6 28.Rgf1 cxd5 29.exd5 Qd8 30.
Nxc4 Bb5 31.Qe4 Bxc4 32.Qxc4 Qb6 33.Rd2 Kg7 34.Qe4 Rbb7 35.Qg6+ Kh8 36.Ne4 1-0

[Event "Cto. Autonómico por Equipos 2007"]
[Site "Aragón"]
[Date "2007.02.17"]
[Round "4.40"]
[White "Martin Fernando"]
[Black "Cabrera Moreno Daniel"]
[Result "1/2-1/2"]
[WhiteElo "1900"]
[BlackElo "2170"]

1.d4 Nf6 2.Nf3 e6 3.Bf4 d5 4.e3 Bd6 5.Bg3 O-O 6.Bd3 c5 7.c3 b6 8.Nbd2 Bb7 9.
Ne5 Ne4 10.Nxe4 dxe4 11.Bc4 Nc6 12.Qg4 Nxe5 13.dxe5 Be7 14.Bf4 Kh8 15.O-O Qc7
16.Rad1 Rad8 17.Rxd8 Rxd8 18.Rd1 Rxd1+ 19.Qxd1 Qd8 20.Qxd8+ Bxd8 21.Kf1 g5 22.
Bg3 Kg7 23.Ke2 g4 24.Kd2 Kg6 25.Be2 Kf5 26.h3 h5 27.hxg4+ hxg4 28.b4 cxb4 29.
cxb4 Be7 30.a3 Bc6 31.Kc3 a5 32.bxa5 bxa5 33.Kb2 Bf8 34.Bf4 Bg7 35.Kc2 Bf8 36.
Kb2 Bc5 37.Bg3 Be7 38.Bf4 Bh4 39.g3 Be7 40.Bh6 a4 41.Bg7 Bd8 42.Bf8 Kxe5 43.
Bxg4 Bb5 44.Bb4 Kd5 45.Bh5 f5 46.Bd1 Bb6 47.Kc3 Bd8 48.Kb2 Bb6 1/2-1/2

[Event "Cto. Autonómico por Equipos 2007"]
[Site "Aragón"]
[Date "2007.02.17"]
[Round "4.53"]
[White "Gavin Roche Enrique"]
[Black "Galvez Perez Jose Luis"]
[Result "1-0"]
[WhiteElo "2271"]
[BlackElo "2125"]

1.d4 d6 2.c4 e5 3.dxe5 dxe5 4.Qxd8+ Kxd8 5.Nf3 f6 6.b3 Be6 7.Nc3 c6 8.Bb2 Nd7
9.O-O-O Kc7 10.e3 Nh6 11.h3 Nf7 12.Bd3 Be7 13.Bc2 a5 14.Rhg1 Nc5 15.g4 g6 16.
Ne4 Nxe4 17.Bxe4 a4 18.Kb1 axb3 19.axb3 Ra5 20.Bc2 Rha8 21.Nd2 Bb4 22.Ne4 f5
23.Nf6 Ng5 24.gxf5 Nxh3 25.Rh1 Nxf2 26.Rxh7+ Kb6 27.Rf1 Rf8 28.fxe6 Rxf6 29.e7
Ne4 30.Rxf6 Nxf6 31.Bxg6 Ra8 32.Rf7 Nd7 33.Rg7 1-0

[Event "Cto. Autonómico por Equipos 2007"]
[Site "Aragón"]
[Date "2007.02.17"]
[Round "4.54"]
[White "Vera Aranjuelo Jesus Maria"]
[Black "Ferrer Echavarri Francisco Javier"]
[Result "1/2-1/2"]
[WhiteElo "2114"]
[BlackElo "2023"]

1.d4 Nf6 2.Nf3 e6 3.Bf4 b6 4.e3 Bb7 5.Be2 c5 6.c3 d5 7.O-O Be7 8.h3 O-O 9.Nbd2
Nc6 10.Rc1 a6 11.Ne5 Nd7 12.Ndf3 f6 13.Nxc6 Bxc6 14.Qd2 b5 15.Bh2 c4 16.Qc2
Nb6 17.Nd2 Bd6 18.Bxd6 Qxd6 19.e4 Nd7 20.Rce1 e5 21.dxe5 Nxe5 22.exd5 Bxd5 23.
Rd1 Qc6 24.f3 Rad8 25.Rfe1 Rd7 26.Nf1 Rfd8 27.Ng3 Bf7 28.Nf5 Qc5+ 29.Kh1 Bg6
1/2-1/2

[Event "Cto. Autonómico por Equipos 2007"]
[Site "Aragón"]
[Date "2007.02.17"]
[Round "4.55"]
[White "Velamazan Gomez Angel"]
[Black "Lucea Valero Alejandro"]
[Result "1-0"]
[WhiteElo "1987"]
[BlackElo "1970"]

1.d4 d5 2.Nf3 g6 3.Bf4 Bg7 4.e3 Nf6 5.Be2 O-O 6.h3 c5 7.Nbd2 cxd4 8.exd4 Nc6
9.c3 Bf5 10.O-O Rc8 11.Ne5 Nd7 12.Nxc6 Rxc6 13.Nf3 h6 14.Qd2 Kh7 15.Rfe1 a6
16.Rad1 b5 17.a3 Qb6 18.Bf1 Be6 19.Ne5 Nxe5 20.Bxe5 Re8 21.Bd3 Bd7 22.Qe2 Re6
23.Qf3 f6 24.Bh2 Rxe1+ 25.Rxe1 Be6 26.h4 Bf7 27.h5 f5 28.hxg6+ Bxg6 29.Bxf5
Rf8 30.Bxg6+ Qxg6 31.Qxd5 Qf6 32.Bg3 Qg6 33.Rxe7 Qb1+ 34.Kh2 Qd1 35.Qe4+ Kh8
36.Qg6 Rg8 37.Rxg7 1-0

[Event "Cto. Autonómico por Equipos 2007"]
[Site "Aragón"]
[Date "2007.02.17"]
[Round "4.56"]
[White "Carraminana Lopez Luis Antonio"]
[Black "Navarro Sancho Rafael"]
[Result "0-1"]
[WhiteElo "1967"]
[BlackElo "1961"]

1.e4 g6 2.d4 Bg7 3.g3 d6 4.Bg2 Nd7 5.Ne2 e5 6.Be3 Ne7 7.Nbc3 Nb6 8.b3 O-O 9.
O-O Bg4 10.h3 Bd7 11.a4 a5 12.f4 exd4 13.Bxd4 f5 14.Nd5 Nexd5 15.exd5 Bxd4+
16.Nxd4 Re8 17.Qd2 Qf6 18.Rfe1 Rac8 19.Rad1 Rxe1+ 20.Rxe1 Ra8 21.Kh2 Nc8 22.
Qe3 Nb6 23.Qd2 Nc8 24.Qf2 Ne7 25.Ne6 Rc8 26.c4 b6 27.Re3 h6 28.Qe1 Kf7 29.Qf2
Kg8 30.g4 Bxe6 31.Rxe6 Rf8 $4 32.Qe3 $4 fxg4 $4 33.Rxe7 $4 Qh4 34.Qe6+ Kh8 35.
Qd7 g3+ 36.Kg1 Qf6 37.Rh7+ Kg8 38.Qe7 $4 Qa1+ $4 39.Bf1 Qd4+ 40.Kg2 $4 Qf2+
0-1

[Event "Cto. Autonómico por Equipos 2007"]
[Site "Aragón"]
[Date "2007.02.17"]
[Round "4.33"]
[White "Malo Guillen Jose Luis"]
[Black "Luis Vitalla Fernando"]
[Result "1-0"]
[WhiteElo "2198"]
[BlackElo "2203"]

1.d4 d5 2.c4 c6 3.Nc3 dxc4 4.e4 b5 5.a4 e5 6.Nf3 exd4 7.Qxd4 Qxd4 8.Nxd4 b4 9.
Na2 Nf6 10.Bxc4 Bc5 11.Nb3 Bd6 12.e5 Bxe5 13.Nxb4 O-O 14.O-O Bd6 15.Nd3 Nbd7
16.a5 Ng4 17.Nd4 Nde5 18.Nxe5 Nxe5 19.Be2 Rb8 20.Rd1 Bc7 21.f4 Ng6 22.Nxc6 Ra8
23.Bf3 Bb7 24.Rd7 Bxc6 25.Bxc6 Rac8 26.Bb7 Bxa5 27.Bxc8 Bb6+ 28.Kf1 Rxc8 29.
Rd3 Rc2 30.Be3 h6 31.Rd2 Rxd2 32.Bxd2 Ne7 33.Re1 Nd5 34.Re5 Nf6 35.Be3 Bc7 36.
Rc5 Bb6 37.Rc8+ Kh7 38.Bxb6 axb6 39.Rd8 Ng4 40.Ke2 Nxh2 41.Rb8 Kg6 42.Rxb6+
Kf5 43.Rb7 f6 44.Rxg7 Kxf4 45.b4 1-0

[Event "Cto. Autonómico por Equipos 2007"]
[Site "Aragón"]
[Date "2007.02.17"]
[Round "4.34"]
[White "Gella Lopez Angel"]
[Black "Alonso Blasco Jose Miguel"]
[Result "1-0"]
[WhiteElo "2106"]
[BlackElo "2107"]

1.d4 Nf6 2.c4 e6 3.g3 Bb4+ 4.Bd2 Bxd2+ 5.Nxd2 Nc6 6.Ngf3 d6 7.Bg2 O-O 8.O-O e5
9.e3 exd4 10.Nxd4 Nxd4 11.exd4 d5 12.cxd5 Nxd5 13.Nf3 c6 14.Qd2 h6 15.Rfe1 Be6
16.Ne5 Qd6 17.a3 Nc7 18.Qe3 Bd5 19.Bxd5 Nxd5 20.Qd3 Rad8 21.Rad1 Rfe8 22.b4 a6
23.Qf5 Qf6 24.Qc2 Re6 25.Kg2 Qe7 26.Nf3 Rxe1 27.Rxe1 Qd6 28.Qc5 f6 29.Nh4 Qd7
30.h3 h5 31.Qc2 Ne7 32.Ng6 Nxg6 33.Qxg6 Qf7 34.Qe4 f5 35.Qf4 Qd5+ 36.Kg1 Qxd4
37.Qxf5 Rf8 38.Qe6+ Kh8 39.Qe2 Rf5 40.Qc2 Qd7 41.Rd1 Rd5 42.Re1 Rd2 43.Qg6 1-0

[Event "Cto. Autonómico por Equipos 2007"]
[Site "Aragón"]
[Date "2007.02.17"]
[Round "4.35"]
[White "Artal Alegria Francisco Javier"]
[Black "Laplaza Ara Carlos"]
[Result "1-0"]
[WhiteElo "1966"]
[BlackElo "2043"]

1.e4 c6 2.d4 d5 3.Nd2 dxe4 4.Nxe4 Bf5 5.Ng3 Bg6 6.h4 h6 7.h5 Bh7 8.Nf3 Nd7 9.
Bd3 Bxd3 10.Qxd3 Qc7 11.Rh4 e6 12.Bf4 Bd6 13.Bxd6 Qxd6 14.Ne4 Qe7 15.O-O-O
Ngf6 16.Ng3 O-O-O 17.c4 Kb8 18.Qc3 Qd6 19.Rd2 Qc7 20.b4 Rhe8 21.Re2 b6 22.Ne5
Nxe5 23.dxe5 Nh7 24.Ne4 Rf8 25.Nd6 f6 26.c5 fxe5 27.Qxe5 Rf6 28.Rd4 Rdf8 29.f4
b5 30.Re3 Ka8 31.Qe4 Rxf4 32.Nxb5 Qc8 33.Qxh7 cxb5 34.Qxg7 Rg8 35.Qe5 Rxd4 36.
Qxd4 Rxg2 37.Qe4+ Qb7 38.c6 Rg1+ 39.Kc2 Qc7 40.Qxe6 Qh7+ 41.Re4 Rg2+ 42.Kd3
1-0

[Event "Cto. Autonómico por Equipos 2007"]
[Site "Aragón"]
[Date "2007.02.17"]
[Round "4.36"]
[White "Gella Bitrian Diego"]
[Black "Tirapo Larcuen Ana"]
[Result "1-0"]
[WhiteElo "1812"]
[BlackElo "1870"]

1.e4 d6 2.d4 Nf6 3.Nc3 g6 4.Be3 c6 5.f3 Qc7 6.Qd2 Nbd7 7.O-O-O b5 8.g4 Nb6 9.
e5 dxe5 10.dxe5 Nfd7 11.e6 fxe6 12.Nh3 Nf6 13.Ng5 Bd7 14.Nge4 O-O-O 15.Nc5
Nbd5 16.N3e4 Nxe3 17.Qxe3 Nd5 18.Qf2 Qa5 19.Kb1 Bg7 20.Qe1 Qc7 21.Ng5 Qb6 22.
Ncxe6 Bxe6 23.Nxe6 Rdg8 24.Nxg7 Rxg7 25.Rxd5 cxd5 26.Qc3+ Kd7 27.Qxg7 Qf2 28.
Bxb5+ Kd6 29.Qxh8 1-0

[Event "Cto. Autonómico por Equipos 2007"]
[Site "Aragón"]
[Date "2007.02.17"]
[Round "4.25"]
[White "Hefty Hilardo Jorge Walter"]
[Black "Valles Mata David"]
[Result "1-0"]
[WhiteElo "2337"]
[BlackElo "2130"]

1.d4 Nf6 2.c4 Nc6 3.Nf3 e6 4.Nc3 Bb4 5.Qc2 d6 6.Bd2 O-O 7.a3 Bxc3 8.Bxc3 Qe7
9.g3 e5 10.d5 Nb8 11.Bg2 a5 12.b3 Bg4 13.O-O Nbd7 14.Nh4 Nb6 15.e4 g5 16.Nf5
Bxf5 17.exf5 Nfd7 18.f6 Qxf6 19.Be4 Nc5 20.Bxh7+ Kg7 21.f4 Qh6 22.fxe5 Qxh7
23.exd6+ Kg8 24.Rf5 f6 25.dxc7 Rae8 26.Raf1 Ne4 27.Bxa5 Nd7 28.c8=Q Rxc8 29.
Qxe4 Rce8 30.Qg2 Ne5 31.Bc3 Ng4 32.Bxf6 Nxf6 33.Rxf6 Rxf6 34.Rxf6 Qd3 35.Rf1
g4 36.Qf2 1-0

[Event "Cto. Autonómico por Equipos 2007"]
[Site "Aragón"]
[Date "2007.02.17"]
[Round "4.26"]
[White "Guetas Sanchez Hugo"]
[Black "Aparicio Navarro Pedro Jose"]
[Result "1-0"]
[WhiteElo "2085"]
[BlackElo "2205"]

1.e4 c5 2.Nc3 Nc6 3.g3 g6 4.Bg2 Bg7 5.d3 d6 6.Be3 e5 7.Qd2 Be6 8.Nd5 f5 9.f4
Nf6 10.fxe5 Nxe5 11.Nf4 Bd7 12.exf5 Bxf5 13.h3 O-O 14.Nge2 Rb8 15.O-O Bd7 16.
Nd5 Nxd5 17.Bxd5+ Kh8 18.Rxf8+ Qxf8 19.Rf1 Qc8 20.g4 Bc6 21.Nc3 Bxd5 22.Nxd5
Qe6 23.Qg2 Rf8 24.Rxf8+ Bxf8 25.Qe4 Qf7 26.Kg2 Bg7 27.b4 b6 28.b5 Qb7 29.Bg5
a6 30.Be7 Nf7 31.Qe6 Nh6 32.bxa6 Qxa6 33.Bxd6 Qxa2 34.Qe8+ Ng8 35.Ne3 Qb2 36.
Qe4 Bd4 37.Kg3 Qa1 38.Ng2 Qc3 39.Qe2 Kg7 40.Nf4 g5 41.Ne6+ Kf6 42.Nf8 1-0

[Event "Cto. Autonómico por Equipos 2007"]
[Site "Aragón"]
[Date "2007.02.17"]
[Round "4.27"]
[White "Munoz Munoz Juan Carlos"]
[Black "Escuer Sanchez Nestor"]
[Result "1-0"]
[WhiteElo "2149"]
[BlackElo "2061"]

1.e4 e6 2.d3 d5 3.Nd2 c5 4.Ngf3 Nc6 5.g3 g6 6.Bg2 Bg7 7.O-O Nge7 8.Re1 O-O 9.
Qe2 b6 10.Nf1 Ba6 11.e5 b5 12.Bf4 Qb6 13.Qd2 Nf5 14.g4 Nfd4 15.Nh4 b4 16.Bh6
Bxh6 17.Qxh6 Nxc2 18.Nf3 f6 19.exf6 Rxf6 20.Ng5 Nxe1 21.Qxh7+ Kf8 22.Qh8+ Ke7
23.Qg7+ Kd6 24.Qxf6 Nxg2 25.Qxe6+ Kc7 26.Kxg2 Nd4 27.Qf7+ Kc6 28.Ne3 Rd8 29.
Ne6 Nxe6 30.Qxe6+ Rd6 31.Qe8+ Kc7 32.d4 c4 33.Nc2 Bb5 34.Qf7+ Bd7 35.Re1 b3
36.axb3 Qxb3 37.Ne3 Qxb2 38.Qf4 Bc6 39.Kg3 a5 40.Nd1 Qb4 41.Re7+ Kb6 42.Qf8
Kb5 43.Re2 c3 44.f3 Rd7 45.Qf4 Ka6 46.Qe3 Bb5 47.Rc2 Ba4 48.Rc1 Bxd1 49.Rxd1
Qc4 50.Qe6+ Kb5 51.Qxd7+ Kb4 52.Qb7+ Qb5 53.Rb1+ 1-0

[Event "Cto. Autonómico por Equipos 2007"]
[Site "Aragón"]
[Date "2007.02.17"]
[Round "4.28"]
[White "Andreu Sin Raul"]
[Black "Fernando Gros Jorge Luis"]
[Result "1/2-1/2"]
[WhiteElo "2041"]
[BlackElo "2084"]

1.e4 d6 2.Nc3 Nf6 3.d4 Nbd7 4.Nf3 e5 5.Be2 Be7 6.O-O O-O 7.h3 c6 8.Be3 exd4 9.
Bxd4 Qc7 10.Re1 b5 11.a3 Ne5 12.Nd2 Ng6 13.Be3 Bb7 14.f4 a6 15.Bd3 Rad8 16.Qe2
Kh8 17.Qf2 c5 18.Nf3 d5 19.exd5 Nxd5 20.Nxd5 Bxd5 21.f5 Bxf3 22.fxg6 Bb7 23.
Bf4 Bd6 24.Qh4 fxg6 25.Bxg6 h6 26.Bxh6 gxh6 27.Qxh6+ Kg8 28.Be4 Bxe4 29.Rxe4
Rf7 30.Rae1 Bf8 31.Qxa6 Rg7 32.Qxb5 Qf7 33.Qc4 Qxc4 34.Rxc4 Rd2 35.g4 Rh7 36.
Rc3 Bg7 37.Rf3 Bd4+ 38.Kh1 Rxc2 39.Re8+ Kg7 40.Re7+ Kg6 41.Rxh7 Kxh7 42.b3 Kg6
43.h4 Be5 44.Kg1 Bd4+ 45.Kf1 Rh2 46.Rg3 Rxh4 47.Ke2 Kg5 48.Kf3 Be5 49.Rg2 Rh3+
50.Ke4 Bd4 51.b4 Rxa3 52.bxc5 Bxc5 1/2-1/2